000 00580nam a2200229Ia 4500
003 OSt
005 20221005120620.0
006 a|||||r|||| 00| 0
007 ta
008 221004b |||||||| |||| 00| 0 eng d
024 _a72127
037 _cTextual
040 _aCRL
_cCRL
_beng
041 _2eng
_aeng
082 _aY152:3:1:3:N5, J3;1
100 _aLewis Roy
245 0 _aEnglish middle classes
650 _aSOCIOLOGY
700 _a Maude Angus
942 _hY152:3:1:3:N5, J3;1
_cTEXL
_2cc
999 _c1038576
_d1038576